| 000 | 00468nam a2200181Ia 4500 | ||
|---|---|---|---|
| 008 | 230524s9999 xx 000 0 und d | ||
| 020 | _a9780071077835 | ||
| 082 | _bBUD | ||
| 100 | _a"Budynas, Richard G" | ||
| 245 | 0 | _aMechanical Engineering Design (Shigley's) (SI Units) | |
| 250 | _a9 | ||
| 260 |
_aNew Delhi _bTMH _c2012 |
||
| 300 | _axxiii;1088 p. | ||
| 500 | _aQuantity Number: 30 | ||
| 650 | _aMechanics | ||
| 700 | _a"Nisbett, J Keith " | ||
| 942 | _cBK | ||
| 999 |
_c53160 _d53160 |
||